[Event "Klaipeda Sea op-A 20th"]
[Site "Klaipeda"]
[Date "2023.07.26"]
[Round "1"]
[White "Pocius, Vaclovas"]
[Black "Gedvilas, Darius"]
[Result "0-1"]
[WhiteElo "1624"]
[BlackElo "1186"]
[PlyCount "64"]
[EventDate "2023.07.26"]
[EventType "swiss"]
[EventRounds "6"]
[EventCountry "LTU"]
[SourceTitle "CBM 215 Extra"]
[Source "ChessBase"]
[SourceDate "2023.09.30"]
[SourceVersion "1"]
[SourceVersionDate "2023.09.30"]
[SourceQuality "1"]

1. d4 c6 2. e4 d5 3. Nd2 dxe4 4. Nxe4 Bf5 5. Ng3 Bg6 6. Nf3 e6 7. h4 h6 8. h5 Bh7 9. Bd3 Bxd3 10. Qxd3 Bd6 11. Ne4 Nf6 12. Be3 Na6 13. c3 Nc7 14. Nxd6+ Qxd6 15. Ne5 Rd8 16. 0-0-0 Ncd5 17. g4 Nxe3 18. fxe3 Nd7 19. Nxf7 Kxf7 20. Qg6+ Kg8 21. Rdf1 Nf8 22. Qf7+ Kh7 23. g5 Rg8 24. Rf6 Kh8 25. gxh6 gxf6 26. Qxf6+ Kh7 27. Qf7+ Kxh6 28. Qxg8 e5 29. Rf1 Nh7 30. Qf7 Rf8 31. Qxf8+ Nxf8 32. dxe5 Qe7 0-1

[Event "Plateliai Plunge op-A 42nd"]
[Site "Plateliai"]
[Date "2023.07.17"]
[Round "1"]
[White "Vysniauskas, Vaidas"]
[Black "Gedvilas, Darius"]
[Result "1-0"]
[WhiteElo "1822"]
[BlackElo "1186"]
[PlyCount "71"]
[EventDate "2023.07.17"]
[EventType "swiss"]
[EventRounds "9"]
[EventCountry "LTU"]
[SourceTitle "CBM 215 Extra"]
[Source "ChessBase"]
[SourceDate "2023.09.30"]
[SourceVersion "1"]
[SourceVersionDate "2023.09.30"]
[SourceQuality "1"]

1. b4 e5 2. Bb2 Bxb4 3. Bxe5 Nf6 4. Nf3 Nc6 5. Bb2 d5 6. e3 a6 7. Be2 Bf5 8. 0-0 h5 9. d3 h4 10. Nbd2 Qe7 11. Nb3 0-0-0 12. Nbd4 Nxd4 13. Nxd4 Bd7 14. Rb1 g5 15. c3 Bd6 16. Qb3 b6 17. c4 g4 18. cxd5 Qe5 19. Nf3 Qe7 20. Nd2 g3 21. Bxf6 gxh2+ 22. Kh1 Qxf6 23. Ne4 Qg6 24. Nxd6+ Qxd6 25. d4 b5 26. e4 Rdg8 27. e5 h3 28. g3 Qg6 29. Bf3 Bf5 30. Rbc1 Bd3 31. Rfd1 Bc4 32. Rxc4 bxc4 33. Qxc4 Qb6 34. d6 Rh7 35. Rc1 f6 36. Qxg8+ 1-0